Equipe de France de football (Coupes du monde 1982,1986 et Euro 1984) - Statistiques

Statistiques générales
  • Ce quiz a été pris 358 fois
  • Le résultat moyen est 16 sur 19
Statistiques - réponses
Compétition Stade Adversaire Score % Correct
CdM 1982 Demi-finale Allemagne de l'Ouest 3-3 (4-5 tab)
99%
CdM 1986 Demi-finale Allemagne de l'Ouest 0-2
99%
Euro 1984 Finale Espagne 2-0
97%
CdM 1986 Quarts de finale Brésil 1-1 (4-3 tab)
95%
Euro 1984 1er tour Belgique 5-0
93%
CdM 1986 3e place Belgique 4-2 a.p.
93%
Euro 1984 Demi-finale Portugal 3-2 a.p.
92%
CdM 1982 1er tour Angleterre 1-3
91%
CdM 1986 Huitièmes de finale Italie 2-0
91%
CdM 1982 3e place Pologne 2-3
86%
CdM 1986 1er tour Union soviétique 1-1
83%
Euro 1984 1er tour Danemark 1-0
81%
Euro 1984 1er tour Yougoslavie 3-2
81%
CdM 1982 1er tour Koweït 4-1
75%
CdM 1982 2nd tour Autriche 1-0
73%
CdM 1986 1er tour Hongrie 3-0
69%
CdM 1986 1er tour Canada 1-0
68%
CdM 1982 1er tour Tchécoslovaquie 1-1
68%
CdM 1982 2nd tour Irlande du Nord 4-1
60%
Aucun quiz correspondant
Distribution des résultats
% des personnes avec chaque résultat
Percentile par nombre de réponses
Votre historique - résultats
Vous n’avez pas pris ce quiz